000 00670nam a2200289Ia 4500
005 20260324150845.0
008 008 260324s9999 xx 000 0 eng d
020 _a9781315111292
037 _aEBOOK
040 _aCRL
040 _beng
040 _cCRL
041 _2eng
041 _aeng
084 _qCRL
100 _aElisha M. Friedman
_91227863
245 0 _aRussia in Transition
245 2 _bA Business Man's Appraisal
260 _bTaylor and Francis
260 _c1933
365 _a
365 _b205
856 _uhttp://www.taylorfrancis.com/books/9781315111292
942 _cEBOOK
999 _c1838042
_d1838042